Statistiques concernant Les 15 villes les plus peuplées du Brabant Wallon

Cliquez ici pour prendre le quiz!

Statistiques générales

  • Ce quiz a été pris 21 fois
  • Le résultat moyen est 10 sur 15

Statistiques - réponses

PopulationVille% Correct
29 018Nivelles
94%
35 444Wavre
94%
23 115Rixensart
89%
30 477Waterloo
89%
40 469Braine-l'Alleud
83%
14 789Jodoigne
83%
31 526Ottignies-Louvain-la-Neuve
72%
28 057Tubize
72%
15 915Genappe
61%
14 313Lasne
61%
11 813Chaumont-Gistoux
56%
14 067Grez-Doiceau
56%
11 118Villers-la-Ville
44%
10 750Court-Saint-Etienne
39%
11 081Rebecq
33%

Distribution des résultats

Percentile par nombre de réponses

% des personnes avec chaque résultat

Votre développement - résultats

Vous n’avez pas pris ce quiz